<?xml version="1.0" encoding="UTF-8"?>
<record
    xmlns:xsi="http://www.w3.org/2001/XMLSchema-instance"
    xsi:schemaLocation="http://www.loc.gov/MARC21/slim http://www.loc.gov/standards/marcxml/schema/MARC21slim.xsd"
    xmlns="http://www.loc.gov/MARC21/slim">

  <leader>00353nam a22001217a 4500</leader>
  <datafield tag="040" ind1=" " ind2=" ">
    <subfield code="c">HS</subfield>
  </datafield>
  <datafield tag="082" ind1=" " ind2=" ">
    <subfield code="a">570</subfield>
  </datafield>
  <datafield tag="100" ind1=" " ind2=" ">
    <subfield code="a">&#x178A;&#x17B7;&#x1794; &#x179F;&#x17CA;&#x17B8;&#x178E;&#x17B6;&#x178F;</subfield>
  </datafield>
  <datafield tag="245" ind1=" " ind2=" ">
    <subfield code="a">&#x1780;&#x17B6;&#x179A;&#x1780;&#x17B6;&#x179A;&#x1796;&#x17B6;&#x179A;&#x179F;&#x1798;&#x17D2;&#x1794;&#x178F;&#x17D2;&#x178F;&#x17B7;&#x1792;&#x1798;&#x17D2;&#x1798;&#x1787;&#x17B6;&#x178F;&#x17B7; protection de la nature </subfield>
  </datafield>
  <datafield tag="260" ind1=" " ind2=" ">
    <subfield code="a">RUA</subfield>
    <subfield code="b">&#x178A;&#x17B7;&#x1794; &#x179F;&#x17CA;&#x17B8;&#x178E;&#x17B6;&#x178F;</subfield>
    <subfield code="c">1997</subfield>
  </datafield>
  <datafield tag="300" ind1=" " ind2=" ">
    <subfield code="a">88p;</subfield>
  </datafield>
  <datafield tag="942" ind1=" " ind2=" ">
    <subfield code="c">AEDBB</subfield>
  </datafield>
  <datafield tag="999" ind1=" " ind2=" ">
    <subfield code="c">9067</subfield>
    <subfield code="d">9067</subfield>
  </datafield>
  <datafield tag="952" ind1=" " ind2=" ">
    <subfield code="0">0</subfield>
    <subfield code="1">0</subfield>
    <subfield code="4">0</subfield>
    <subfield code="6">570_000000000000000_&#x178A;&#x17B7;&#x1794;_1997_C172</subfield>
    <subfield code="7">0</subfield>
    <subfield code="9">50624</subfield>
    <subfield code="a">LBC</subfield>
    <subfield code="b">LBC</subfield>
    <subfield code="c">C172</subfield>
    <subfield code="d">2016-08-23</subfield>
    <subfield code="l">1</subfield>
    <subfield code="o">570 &#x178A;&#x17B7;&#x1794; 1997 C172</subfield>
    <subfield code="p">RUA43739</subfield>
    <subfield code="r">2017-10-17</subfield>
    <subfield code="s">2017-10-03</subfield>
    <subfield code="y">AEDBB</subfield>
  </datafield>
  <datafield tag="952" ind1=" " ind2=" ">
    <subfield code="0">0</subfield>
    <subfield code="1">0</subfield>
    <subfield code="4">0</subfield>
    <subfield code="6">570_000000000000000_&#x178A;&#x17B7;&#x1794;_1994_C172</subfield>
    <subfield code="7">0</subfield>
    <subfield code="9">51508</subfield>
    <subfield code="a">LBC</subfield>
    <subfield code="b">LBC</subfield>
    <subfield code="c">C172</subfield>
    <subfield code="d">2016-09-02</subfield>
    <subfield code="o">570 &#x178A;&#x17B7;&#x1794; 1994 C172</subfield>
    <subfield code="p">RUA42107</subfield>
    <subfield code="r">2016-10-13</subfield>
    <subfield code="y">AEDBB</subfield>
  </datafield>
</record>
